Rajput / (Record no. 523198)
[ view plain ]
| 000 -LEADER | |
|---|---|
| fixed length control field | 00382nam a2200157Ia 4500 |
| 005 - DATE AND TIME OF LATEST TRANSACTION | |
| control field | 20190125141356.0 |
| 008 - FIXED-LENGTH DATA ELEMENTS--GENERAL INFORMATION | |
| fixed length control field | 190125s9999 xx 000 0 und d |
| 040 ## - CATALOGING SOURCE | |
| Transcribing agency | DLC |
| 082 ## - DEWEY DECIMAL CLASSIFICATION NUMBER | |
| Classification number | 891.4393 |
| Author Mark | UBA |
| 100 ## - MAIN ENTRY--PERSONAL NAME | |
| Personal name | Ubaid Ullah Baig |
| 9 (RLIN) | 13454 |
| 245 ## - TITLE STATEMENT | |
| Title | Rajput / |
| 260 ## - PUBLICATION, DISTRIBUTION, ETC. | |
| Name of publisher, distributor, etc. | National Book Foundation |
| Place of publication, distribution, etc. | Islamabad |
| Date of publication, distribution, etc. | 2010 |
| 300 ## - PHYSICAL DESCRIPTION | |
| Extent | 415p. : |
| 500 ## - GENERAL NOTE | |
| General note | Novel |
| 942 ## - ADDED ENTRY ELEMENTS (KOHA) | |
| Source of classification or shelving scheme | |
| Koha item type | Book |
| Withdrawn status | Lost status | Source of classification or shelving scheme | Damaged status | Not for loan | Permanent Location | Current Location | Date acquired | Total Checkouts | Full call number | Barcode | Date last seen | Price effective from | Koha item type |
|---|---|---|---|---|---|---|---|---|---|---|---|---|---|
| Central Library (CL) | Central Library (CL) | 01/25/2019 | 891.4393 UBA | NIT-9820 | 03/17/2021 | 01/25/2019 | Book |
